Bác Hồ với đồng bào các dân tộc
Nội dung cuốn sách gồm hai phần : Phần thứ nhất tập hợp một số bài nói, bài viết của Bác Hồ về đồng bào các dân tộc. Phần thứ hai là những hồi ức, kỷ niệm của đồng bào các dân tộc, những người có m,ay mắn, hạnh phúc được gâ...
Guardat en:
| Format: | Llibre |
|---|---|
| Idioma: | Undetermined |
| Publicat: |
Hà Nội
Thông tấn
2007
|
| Matèries: | |
| Etiquetes: |
Afegir etiqueta
Sense etiquetes, Sigues el primer a etiquetar aquest registre!
|
| Thư viện lưu trữ: | Trung tâm Học liệu Trường Đại học Cần Thơ |
|---|
| LEADER | 01027nam a2200193Ia 4500 | ||
|---|---|---|---|
| 001 | CTU_125897 | ||
| 008 | 210402s9999 xx 000 0 und d | ||
| 020 | |c 25000 | ||
| 082 | |a 324.2075092 | ||
| 082 | |b B101 | ||
| 245 | 0 | |a Bác Hồ với đồng bào các dân tộc | |
| 260 | |a Hà Nội | ||
| 260 | |b Thông tấn | ||
| 260 | |c 2007 | ||
| 520 | |a Nội dung cuốn sách gồm hai phần : Phần thứ nhất tập hợp một số bài nói, bài viết của Bác Hồ về đồng bào các dân tộc. Phần thứ hai là những hồi ức, kỷ niệm của đồng bào các dân tộc, những người có m,ay mắn, hạnh phúc được gần gũi, tiếp xúc với Người, thể hiện tình cảm kính yêu, tin tưởng vào Đảng, Bác Hồ | ||
| 650 | |a Ho Chi Minh | ||
| 650 | |x Biography | ||
| 904 | |i Quang Hiếu | ||
| 980 | |a Trung tâm Học liệu Trường Đại học Cần Thơ | ||